Droit du tourisme

Saved in:
Bibliographic Details
Main Author: Py, Pierre
Other Authors: Boulouis, Jean
Format: Book
Language:French
Published: Paris : Dalloz, c1996
Edition:4e ed.
Subjects:
Tags: Add Tag
No Tags, Be the first to tag this record!

MARC

LEADER 00000nam a2200000 i 4500
001 1/81166
008 990514s1996 fre d
020 |a 2-247-02448-3 
035 |l 10050822 
040 |a GR-MY-UA  |b gre  |e aacr 
041 0 |a fre 
082 0 |a 343.4407891 
100 1 |a Py, Pierre. 
245 1 0 |a Droit du tourisme /  |c Pierre Py ; preface de Jean Boulouis 
250 |a 4e ed. 
260 |a Paris :   |b Dalloz,   |c c1996 
300 |a viii, 419 p. 
504 |a Includes bibliography and index 
650 0 0 |a Tourism  |x Law and legislation  |z France. 
700 1 |a Boulouis, Jean. 
852 |a INST  |b CHIOS  |e 19990514  |h 343.4407891 PY  |p 005200014364  |q 005200014364  |t BK  |y 0 
901 |a BIBL2-1999-2 
909 |a Χ  |b 055779 
922 |a 2ΔΩΡ  |b 199905  |d ΜΕΤΑΠΤΥΧΙΑΚΟ ΤΟΥΡΙΣΜΟΥ